Colección de documentos sobre límites ecuatoriano-peruanos / (Registro nro. 150220)

Detalles MARC
000 -LEADER
campo de control de longitud fija 00510nam a2200157 i 4500
001 - NÚMERO DE CONTROL
campo de control 150220
003 - IDENTIFICADOR DE NÚMERO DE CONTROL
campo de control ES-MaACL
005 - FECHA Y HORA DE LA ÚLTIMA TRANSACCIÓN
campo de control 20230906203427.0
007 - CAMPO FIJO DE DESCRIPCIÓN FÍSICA--INFORMACIÓN GENERAL
campo de control de longitud fija t|
008 - DATOS DE LONGITUD FIJA--INFORMACIÓN GENERAL
campo de control de longitud fija 071029s1902 ec ||||1| spa d
100 1# - ENTRADA PRINCIPAL--NOMBRE DE PERSONA
Nombre de persona Vacas Galindo, Enrique.
9 (RLIN) 112363
245 10 - MENCIÓN DEL TÍTULO
Título Colección de documentos sobre límites ecuatoriano-peruanos /
Mención de responsabilidad, etc. por Enrique Vacas Galindo.
260 ## - PUBLICACIÓN, DISTRIBUCIÓN, ETC.
Lugar de publicación, distribución, etc. Quito (Ecuador) :
Nombre del editor, distribuidor, etc. [s.n.],
Fecha de publicación, distribución, etc. 1902 (
Fabricante Tip. de la Escuela de Artes y Oficios)
300 ## - DESCRIPCIÓN FÍSICA
Extensión 2 v. ;
Dimensiones 28 cm.
852 ## - LOCALIZACIÓN
Ubicación ES-MaACL
Número de control de estantería G-6548-9
Existencias
Estatus retirado Estado de pérdida Estado de daño No para préstamo Biblioteca de origen Biblioteca actual Ubicación en estantería Fecha de adquisición Fuente de adquisición Total de préstamos Signatura topográfica completa Código de barras Visto por última vez Precio de reemplazo Tipo de ítem Koha
        Biblioteca del Ateneo de Madrid Biblioteca del Ateneo de Madrid Depósito 2 17/01/2008     G-6548-9 1156753 23/02/2023 23/02/2023 Libro impreso